000
00259nam a2200109Ia 4500
999
_c
23132
_d
23132
082
_a
RR 808.88203 COH-P
100
_a
Cohen, M.L;.
245
0
_a
Penguin dictionary of quotations
260
_a
Middlesex
_b
Penguin Books
_c
1960
300
_a
vi,663p.
942
_c
BK